00000000nam##2200000za#4500
0019.578713
003CaOODSP
00520210624190221
007cr |||||||||||
008150406|1995||||xxc|||||o    f|0| 0 eng|d
040 |aCaOODSP|beng
043 |an-cn---
0861 |aLU2-153/203-1995E-PDF
1101 |aCanada.|bHuman Resources Development Canada. |bUnemployment Insurance.
24510|aQualifying for unemployment insurance : |h[electronic resource]|ban empirical analysis of Canada / |cby David A. Green and W. Craig Riddell.
260 |aOttawa - Ontario : |bHuman Resources Development Canada. |cMay 1995.
300 |a48p.|bfigs., tables
4901 |aUnemployment insurance evaluation series
500 |a"UI Impacts on Worker Behaviour"
504 |aBibliography.
590 |a14-03-Supp|b2014-01-17
77508|tL'admissibilité à l'assurance-chômage : |w(CaOODSP)9.606556
7760#|tQualifying for Unemployment Insurance : |w(CaOODSP)9.612874
830#0|aUnemployment insurance evaluation series.|w(CaOODSP)9.507428
85640|ahttp://publications.gc.ca|qPDF|s652 KB|uhttps://publications.gc.ca/collections/collection_2014/rhdcc-hrsdc/LU2-153-203-1995-eng.pdf
986 |aIN-AH-203E-05-95